000 00345nam a2200133Ia 4500
008 100328s9999 xx 000 0 und d
082 _b57229
100 _aकाळे व.पु.
245 _aवलय
260 _bमेहता पब्लिशिंग हाऊस
630 _aवलय
730 _aवलय
942 _cBOOK
999 _c543698
_d543695